Elektrochemická protikorózna ochrana v agresívnych prostrediach

Guardado en:
Detalles Bibliográficos
Autor principal: Felgerová, Katarína (Autor)
Otros Autores: Danielik, Vladimír, 1968- (Orientador)
Formato: Manuscrito Libro
Lenguaje:eslovaco
Materias:
Acceso en línea:http://is.stuba.sk/zp/portal_zp.pl?podrobnosti=92573
Etiquetas: Agregar Etiqueta
Sin Etiquetas, Sea el primero en etiquetar este registro!

MARC

LEADER 00000ntm a22000003a 4500
001 stuzp46897
003 SK-STU
005 20160229160114.0
007 ta
008 150427s2015----xo-----f-mn---000-0-slo-d
040 |a STU  |b slo 
041 0 |a slo 
100 1 |a Felgerová, Katarína  |u 042120  |4 aut  |U FCHPT Ústav anorganickej chémie, technológie a materiálov  |T FCHPT Oddelenie anorganickej technológie  |X 42475  |U C2120  |Y 111  |7 42475 
242 0 1 |a Electrochemical Corrosion Protection in Aggressive Environments  |y eng 
245 1 0 |a Elektrochemická protikorózna ochrana v agresívnych prostrediach 
650 4 |a elektrochemická korózia  |2 slo 
650 4 |a protikorózna ochrana  |2 slo 
650 4 |a korozívne vplyvy pôdy  |2 slo 
650 4 |a katódová ochrana  |2 slo 
650 4 |a pôdne elektrolyty  |2 slo 
650 4 |a electrochemical corrosion  |2 eng 
650 4 |a corrosion protection  |2 eng 
650 4 |a the aggressive surrounding environment of soil  |2 eng 
650 4 |a cathodic protection  |2 eng 
650 4 |a soil solutions  |2 eng 
700 1 |a Danielik, Vladimír,  |d 1968-  |4 ths  |X 3984  |7 A000003984 
856 4 |u http://is.stuba.sk/zp/portal_zp.pl?podrobnosti=92573 
SQL |a stuzp46897  |b DBP  |c SLO  |d Elektrochemická protikorózna ochrana v agresívnych prostrediach  |e 42475  |f Felgerová, Katarína  |g 042120  |h 3984  |i Danielik, Vladimír  |j 20140714  |k 753  |l 04  |m http://is.stuba.sk/zp/portal_zp.pl?podrobnosti=92573